| 000 | 01186nam a2200241 a 4500 | ||
|---|---|---|---|
| 001 | 78742 | ||
| 003 | BD-RjUL | ||
| 005 | 20211209083152.0 | ||
| 008 | 211110s2006 ua ||||| |||| 001 0 ara d | ||
| 020 | _a977419408X | ||
| 035 | _a(BD-RjUL)78968 | ||
| 040 |
_aBD-RjUL _beng _cBD-RjUL |
||
| 041 | _aara | ||
| 082 |
_223 _a892.7109 _bSHT 2006 |
||
| 100 | 1 |
_aالشاذلي, عبد السلام محمد ;;Shazly, Abdel Salam Mohamed _9249824 |
|
| 245 | 1 | 0 |
_aتجربة المدينة في شعر العربي المعاصر 'صنعاء نموذجا ;; Taǧribat al-madīna fī 'š-šiʻr al-ʻarabī al-muʻāṣir : "Ṣanʻāʼ namū̱daǧan"/ _cعبد السلام محمد الشاذليʻ ;; Abd-as-Salām Muḥammad aš- Šā̱dilī |
| 260 |
_aMisr: _bالهيئة المصريّة العامّة للكتاب, Al-Qāhiraẗ : al-Hayʼaẗ al-miṣriyyaẗ al-ʻāmmaẗ li-l-kitāb, 2006.al-Qāhira al-Haiʼa al-Miṣrīya al-ʻĀmma li-'l-Kitāb, _c2006 |
||
| 300 |
_a299 Seiten ; _c22 cm |
||
| 500 | _aIn arab. Schr., arab. | ||
| 650 |
_aArabic poetry _9249825 _vhistory and Criticism |
||
| 650 |
_aالشعر العربي _vتاريخ ونقد _9249826 |
||
| 942 |
_2ddc _cBK |
||
| 999 |
_c78742 _d78742 |
||